Ordenanzas y reglamentos municipales (generales i servicios) / Ayuntamiento de Valladolid
Descripción Física:
561 p. ; 24 cm
Materias:
Ordenances municipals -- Valladolid
MARC
| LEADER | 00000nam a2200000Ia 4500 | ||
|---|---|---|---|
| 001 | 10420 | ||
| 008 | 160829s9999 xx 000 0 cat d | ||
| 080 | |a M-2-370 | ||
| 110 | 1 | |a Valladolid (Castella i Lleó). |b Ayuntamiento |9 55434 | |
| 245 | |a Ordenanzas y reglamentos municipales (generales i servicios) / Ayuntamiento de Valladolid | ||
| 260 | |a Valladolid : |b Ayuntamiento, Concejalía de Organización, Personal y Gobierno, DL 1993 | ||
| 300 | |a 561 p. ; |c 24 cm | ||
| 650 | |a Ordenances municipals |x Valladolid |9 25550 | ||
| 901 | |a Arxiu | ||
| 942 | |n 1 | ||
| 952 | |0 0 |1 0 |4 0 |6 M2370 |7 1 |9 43673 |a Arxiu |b Arxiu |d 2016-12-01 |l 0 |o M-2-370 |p 10420 |r 2016-12-01 00:00:00 |w 2016-12-01 |y ARXIU | ||
| 999 | |c 46221 |d 46221 | ||